000 00604nam a2200241Ia 4500
003 OSt
005 20220912151942.0
006 a|||||r|||| 00| 0
007 ta
008 220909b |||||||| |||| 00| 0 eng d
024 _a64014
037 _cTextual
040 _aCSL
_beng
_cCSL
041 _aeng
082 _aE34:5, 113G3 CL
100 _aMeyer H
245 0 _aLehrbuch der organisch-chemischen methodik
260 _c1933
300 _ap.
_ccm.
650 _aChemistry
942 _hE34:5, 113G3 CL
_cTEXL
_2CC
999 _c77856
_d77856